[Event "74. C.to Provinciale PD-ROV"]
[Site "Monselice ITA"]
[Date "2014.01.26"]
[Round "5.13"]
[White "Fornasiero, Mattia"]
[Black "Daccico, Gianni"]
[Result "1-0"]
[WhiteElo "1672"]
[BlackElo "1581"]
[Annotator "Gabriele Ballarin"]
[PlyCount "61"]
[EventDate "2014.01.24"]
[EventType "swiss"]
[EventRounds "5"]
[EventCountry "ITA"]

1. e4 e5 2. d4 exd4 3. Nf3 Nf6 4. e5 Qe7 5. Be2 Nd5 6. Qxd4 Qb4+ 7. Bd2 Qxd4 8. Nxd4 Bb4 9. c4 Bxd2+ 10. Nxd2 Nb4 11. O-O c5 12. Nb5 N8a6 13. Nd6+ Kf8 14. Nf3 h6 15. Rfd1 Ke7 16. Rd2 Nc6 17. Nf5+ Kf8 18. Nd6 Nc7 19. Nxc8 Rxc8 20. Rxd7 g6 21. Rad1 Kg7 22. e6 Nxe6 23. Rxb7 Ncd4 24. Nxd4 Nxd4 25. Re7 Rhd8 {=} 26. Kf1 Rd6 27. Bf3 Ra6 28. Bd5 Rf8 29. a3 Nf5 30. Rc7 Rb6 31. Rd2 {Nur} 1-0

[Event "74. C.to Provinciale PD-ROV"]
[Site "Monselice ITA"]
[Date "2014.01.26"]
[Round "5.14"]
[White "Pilotto, Alessandro"]
[Black "Lovisetto, Giampaolo"]
[Result "1-0"]
[WhiteElo "1610"]
[BlackElo "1579"]
[Annotator "Gabriele Ballarin"]
[PlyCount "67"]
[EventDate "2014.01.24"]
[EventType "swiss"]
[EventRounds "5"]
[EventCountry "ITA"]

1. d4 d5 2. Bf4 Nf6 3. c3 e6 4. e3 Bd6 5. Nf3 Bxf4 6. exf4 O-O 7. g3 b6 8. Bg2 Bb7 9. O-O Nbd7 10. Nbd2 c5 11. Ne5 cxd4 12. cxd4 Qe7 13. a3 Rfc8 14. Ndf3 h6 15. Qd2 Ne4 16. Qe2 a5 17. Qb5 Nxe5 18. Nxe5 Ba6 19. Qxb6 Bxf1 20. Rxf1 f6 21. Nd3 Nd2 22. Re1 Kf7 23. Bxd5 Kf8 24. Bxa8 Rxa8 25. Rxe6 Qf7 26. d5 Qg6 27. Qe3 Nc4 28. Qc5+ Kg8 29. Qxc4 Qg4 30. d6 Kh7 31. Qe4+ f5 32. Qxa8 Qd1+ 33. Ne1 Qd4 34. Qxa5 1-0

[Event "74. C.to Provinciale PD-ROV"]
[Site "Monselice ITA"]
[Date "2014.01.26"]
[Round "5.15"]
[White "Baù_226, Lorenzo"]
[Black "Brugnaro, Luca"]
[Result "1-0"]
[WhiteElo "1411"]
[BlackElo "1371"]
[Annotator "Gabriele Ballarin"]
[PlyCount "63"]
[EventDate "2014.01.24"]
[EventType "swiss"]
[EventRounds "5"]
[EventCountry "ITA"]

1. Nf3 d6 2. b3 Nf6 3. e3 g6 4. Bb2 Bg7 5. Be2 O-O 6. d3 Bg4 7. Nbd2 c5 8. h3 Bd7 9. c3 Nd5 10. Qc2 e5 11. Nc4 Be6 12. h4 h5 13. Ng5 Bc8 14. Ne4 f5 15. Nexd6 Nc6 16. O-O-O a6 17. Bf3 Nce7 18. Nxc8 Nxc8 19. e4 Nde7 20. Kb1 f4 21. Qe2 b5 22. Na3 Nc6 23. g4 fxg3 24. fxg3 b4 25. Nc4 Nb6 26. g4 bxc3 27. Bxc3 Nd4 28. Bxd4 cxd4 29. gxh5 Rb8 30. Ka1 Nxc4 31. dxc4 Qa5 32. Rd3 1-0

[Event "74. C.to Provinciale PD-ROV"]
[Site "Monselice ITA"]
[Date "2014.01.26"]
[Round "5.16"]
[White "Scandiuzzi, Roberto"]
[Black "Lodi, Paolo"]
[Result "1-0"]
[WhiteElo "1443"]
[BlackElo "1600"]
[Annotator "Gabriele Ballarin"]
[PlyCount "107"]
[EventDate "2014.01.24"]
[EventType "swiss"]
[EventRounds "5"]
[EventCountry "ITA"]

1. Nf3 Nf6 2. d4 d5 3. Bg5 Nbd7 4. e3 b6 5. c4 Bb7 6. Nc3 h6 7. Bh4 g5 8. Bg3 Bg7 9. h3 Ne4 10. cxd5 Nxg3 11. fxg3 f5 12. Bd3 Rf8 13. O-O Nf6 14. Bxf5 Bxd5 15. Qa4+ Kf7 16. Ne5+ Kg8 17. Qc2 e6 18. Bg6 Qd6 19. Nb5 Qe7 20. Qxc7 Qxc7 21. Nxc7 Rac8 22. Nxd5 exd5 23. Rf2 Ne4 24. Bxe4 dxe4 25. Rxf8+ Rxf8 26. Nc4 Rd8 27. Nd2 Bxd4 28. exd4 Rxd4 29. Nb3 Rd3 30. Kf2 Kf7 31. g4 Ke6 32. Re1 Ke5 33. g3 Rf3+ 34. Kg2 Rd3 35. Re2 a6 36. h4 a5 37. Nd2 e3 38. Nc4+ Kd4 39. Nxb6 Rd2 40. Kf3 Kd3 41. Rxe3+ Kd4 42. Re7 Rd3+ 43. Kf2 Kc5 44. Na4+ Kb5 45. Nc3+ Kc4 46. Re4+ Rd4 47. Rxd4+ Kxd4 48. Ke2 Kc4 49. Ke3 Kc5 50. Ke4 Kc4 51. Kf5 Kd3 52. Kg6 Kc2 53. Kxh6 Kxb2 54. Kxg5 1-0

[Event "74. C.to Provinciale PD-ROV"]
[Site "Monselice ITA"]
[Date "2014.01.26"]
[Round "5.6"]
[White "Rosina, Graziano"]
[Black "Simonetto, Alessio"]
[Result "1/2-1/2"]
[WhiteElo "1820"]
[BlackElo "1170"]
[Annotator "Gabriele Ballarin"]
[PlyCount "50"]
[EventDate "2014.01.24"]
[EventType "swiss"]
[EventRounds "5"]
[EventCountry "ITA"]

1. g3 d5 2. Nf3 Nf6 3. Bg2 c6 4. O-O Bf5 5. d3 Nbd7 6. Nh4 Bg6 7. Nd2 e6 8. Ndf3 Bc5 9. d4 Bd6 10. Bg5 Qc7 11. Nd2 c5 12. c3 Qb6 13. dxc5 Bxc5 14. Nb3 Ne4 15. Nxc5 Ndxc5 16. Nxg6 hxg6 17. Bxe4 Nxe4 18. Qa4+ Qc6 19. Qxc6+ bxc6 20. Be3 f6 21. f3 Nd6 22. b3 Kd7 23. Kg2 a6 24. Rfd1 e5 25. Bc5 Rad8 1/2-1/2

[Event "74. C.to Provinciale VE"]
[Site "Marghera ITA"]
[Date "2014.01.24"]
[Round "1.1"]
[White "Xia, Jie"]
[Black "Donzella, Daniele"]
[Result "1-0"]
[WhiteElo "2259"]
[BlackElo "1500"]
[Annotator "Gabriele Ballarin"]
[PlyCount "75"]
[EventDate "2014.01.24"]
[EventType "swiss"]
[EventRounds "1"]
[EventCountry "ITA"]
[SourceTitle "EXT 2012"]
[Source "ChessBase"]
[SourceDate "2011.11.24"]
[SourceVersion "1"]
[SourceVersionDate "2011.11.24"]
[SourceQuality "1"]

1. e4 c5 2. d4 cxd4 3. c3 d6 4. cxd4 a6 5. Nc3 Nc6 6. Nf3 Bg4 7. Be2 Bxf3 8. Bxf3 h6 9. O-O Nf6 10. Be3 h5 11. Qe2 Qc7 12. Rac1 Qb8 13. Nd5 e6 14. Nb6 Ng4 15. d5 Nxe3 16. Qxe3 Ne7 17. Nxa8 Qxa8 18. Qb6 Nc8 19. Qc7 Ne7 20. dxe6 fxe6 21. e5 d5 22. Qb6 Nc6 23. Bd1 Qa7 24. Rxc6 Qxb6 25. Rxb6 Bc5 26. Ba4+ Kf7 27. Rxb7+ Kg6 28. g3 h4 29. Kg2 h3+ 30. Kf3 Rf8+ 31. Kg4 Bd4 32. f4 Rc8 33. Kxh3 Rc4 34. Bb3 Rc6 35. Rd1 Be3 36. Kg4 d4 37. Bxe6 Rc2 38. Bf5+ 1-0

[Event "74. C.to Provinciale VE"]
[Site "Marghera ITA"]
[Date "2014.01.24"]
[Round "1.2"]
[White "Mastrogiovanni, Giulio"]
[Black "Mileto, Gabriele"]
[Result "0-1"]
[WhiteElo "1503"]
[BlackElo "2158"]
[Annotator "Gabriele Ballarin"]
[PlyCount "64"]
[EventDate "2014.01.24"]
[EventType "swiss"]
[EventRounds "1"]
[EventCountry "ITA"]
[SourceTitle "EXT 2013"]
[Source "ChessBase"]
[SourceDate "2012.11.22"]
[SourceVersion "1"]
[SourceVersionDate "2012.11.22"]
[SourceQuality "1"]

1. e4 c6 2. d4 d5 3. Nc3 dxe4 4. Nxe4 Bf5 5. Ng3 Bg6 6. Nf3 Nd7 7. Bd3 e6 8. Bxg6 hxg6 9. O-O Qc7 10. Be3 Ngf6 11. c4 Bd6 12. c5 Be7 13. h3 O-O 14. Qd3 Rfe8 15. Ne4 Rad8 16. Nc3 Nxc5 17. Qc2 Ncd7 18. Rad1 Bd6 19. Rfe1 Nd5 20. Nxd5 exd5 21. Bg5 Nf6 22. Rxe8+ Rxe8 23. Bxf6 gxf6 24. g4 Re4 25. Re1 Rxe1+ 26. Nxe1 Qa5 27. Nd3 Qxa2 28. h4 Qc4 29. Qxc4 dxc4 30. Nc5 Bxc5 31. dxc5 c3 32. bxc3 a5 0-1

[Event "74. C.to Provinciale VE"]
[Site "Marghera ITA"]
[Date "2014.01.24"]
[Round "1.3"]
[White "Zamengo, Fulvio"]
[Black "Milan, Maurizio"]
[Result "1-0"]
[WhiteElo "2140"]
[BlackElo "1509"]
[Annotator "Gabriele Ballarin"]
[PlyCount "63"]
[EventDate "2014.01.24"]
[EventType "swiss"]
[EventRounds "1"]
[EventCountry "ITA"]
[SourceTitle "EXT 2012"]
[Source "ChessBase"]
[SourceDate "2011.11.24"]
[SourceVersion "1"]
[SourceVersionDate "2011.11.24"]
[SourceQuality "1"]

1. e4 c5 2. Nf3 d6 3. d4 cxd4 4. Nxd4 Nf6 5. Nc3 g6 6. Be3 Bg7 7. f3 O-O 8. Qd2 Nc6 9. O-O-O d5 10. exd5 Nxd5 11. Nxc6 bxc6 12. Bd4 Nb6 13. Qf2 Qc7 14. Bxg7 Kxg7 15. h4 Qf4+ 16. Kb1 e5 17. g3 Qb4 18. Qe3 Re8 19. a3 Qe7 20. h5 g5 21. h6+ Kg8 22. Ne4 f6 23. f4 Nd5 24. Bc4 Be6 25. Qf3 g4 26. Qf2 Rab8 27. Bb3 a5 28. fxe5 fxe5 29. Bxd5 Bxd5 30. Nf6+ Kh8 31. Nxe8 Bxh1 32. Rd7 1-0

[Event "74. C.to Provinciale VE"]
[Site "Marghera ITA"]
[Date "2014.01.24"]
[Round "1.4"]
[White "Jabara, Marco"]
[Black "Boscolo, Marco"]
[Result "0-1"]
[WhiteElo "1440"]
[BlackElo "2128"]
[Annotator "Gabriele Ballarin"]
[PlyCount "44"]
[EventDate "2014.01.24"]
[EventType "swiss"]
[EventRounds "1"]
[EventCountry "ITA"]
[SourceTitle "EXT 2013"]
[Source "ChessBase"]
[SourceDate "2012.11.22"]
[SourceVersion "1"]
[SourceVersionDate "2012.11.22"]
[SourceQuality "1"]

1. d4 Nf6 2. c4 c5 3. d5 b5 4. cxb5 a6 5. Nc3 axb5 6. Qc2 b4 7. Ne4 Nxe4 8. Qxe4 d6 9. f3 g6 10. Qh4 Bg7 11. e4 Qa5 12. Kf2 Nd7 13. Be2 c4 14. a3 Qc5+ 15. Be3 Bd4 16. Qf4 bxa3 17. Rxa3 Rb8 18. Ra2 Rb3 19. Bxd4 Qxd4+ 20. Kg3 Nf6 21. Qc1 Nxe4+ 22. Kh4 Qf6+ 0-1

[Event "74. C.to Provinciale VE"]
[Site "Marghera ITA"]
[Date "2014.01.24"]
[Round "1.5"]
[White "Zamengo, Bruno"]
[Black "Anoè, Lorenzo"]
[Result "1-0"]
[WhiteElo "1949"]
[BlackElo "1440"]
[Annotator "Gabriele Ballarin"]
[PlyCount "47"]
[EventDate "2014.01.24"]
[EventType "swiss"]
[EventRounds "1"]
[EventCountry "ITA"]
[SourceTitle "EXT 2012"]
[Source "ChessBase"]
[SourceDate "2011.11.24"]
[SourceVersion "1"]
[SourceVersionDate "2011.11.24"]
[SourceQuality "1"]

1. e4 d6 2. d4 Nf6 3. Nc3 e5 4. Nf3 Nbd7 5. Be2 Be7 6. O-O O-O 7. a4 c6 8. Re1 Qc7 9. Bc4 exd4 10. Nxd4 Nb6 11. Bb3 Ng4 12. Bf4 Ne5 13. Qe2 a5 14. Rad1 Bg4 15. f3 Bh5 16. Nf5 Rad8 17. Nxe7+ Qxe7 18. Be3 Nbd7 19. g4 Bg6 20. f4 Nxg4 21. Qxg4 Nf6 22. Qg5 Rfe8 23. Bd4 Nxe4 24. Nxe4 1-0

[Event "74. C.to Provinciale VE"]
[Site "Marghera ITA"]
[Date "2014.01.24"]
[Round "1.6"]
[White "Bertaggia, Mirco"]
[Black "Polese, Marco"]
[Result "0-1"]
[WhiteElo "1440"]
[BlackElo "1915"]
[Annotator "Gabriele Ballarin"]
[PlyCount "59"]
[EventDate "2014.01.24"]
[EventType "swiss"]
[EventRounds "1"]
[EventCountry "ITA"]
[SourceTitle "EXT 2013"]
[Source "ChessBase"]
[SourceDate "2012.11.22"]
[SourceVersion "1"]
[SourceVersionDate "2012.11.22"]
[SourceQuality "1"]

1. b3 d5 2. Bb2 Nf6 3. d3 g6 4. Nd2 Bg7 5. g3 O-O 6. Bg2 c5 7. e3 Nc6 8. Ne2 e5 9. Nc3 Be6 10. O-O Qd7 11. a4 Rad8 12. Nb5 a6 13. Na3 Ne8 14. f4 Bg4 15. Qb1 Nc7 16. e4 Nd4 17. Kh1 exf4 18. Rxf4 Bh6 19. Rf2 Be3 20. Qe1 Bxf2 21. Qxf2 Bh3 22. c3 Bxg2+ 23. Kxg2 Nde6 24. Qf6 Ne8 25. Qh4 dxe4 26. Nac4 exd3 27. Ne5 Qd5+ 28. Nef3 g5 29. Qh3 f5 30. g4 0-1

[Event "74. C.to Provinciale VE"]
[Site "Marghera ITA"]
[Date "2014.01.24"]
[Round "1.7"]
[White "Ballarin, Gabriele"]
[Black "Fornaro, Massimo"]
[Result "1-0"]
[WhiteElo "1886"]
[BlackElo "1440"]
[Annotator "Gabriele Ballarin"]
[PlyCount "37"]
[EventDate "2014.01.24"]
[EventType "swiss"]
[EventRounds "1"]
[EventCountry "ITA"]
[SourceTitle "EXT 2013"]
[Source "ChessBase"]
[SourceDate "2012.11.22"]
[SourceVersion "1"]
[SourceVersionDate "2012.11.22"]
[SourceQuality "1"]

1. e4 e5 2. Nf3 d6 3. d4 f6 4. Bc4 Ne7 5. dxe5 dxe5 6. Bf7+ Kxf7 7. Qxd8 c6 8. Nc3 g5 9. Bxg5 fxg5 10. Nxg5+ Kf6 11. h4 Nd7 12. Qe8 Kg7 13. Qf7+ Kh6 14. O-O-O Nc5 15. Rd6+ Ng6 16. Rxg6+ hxg6 17. h5 Kxg5 18. Qxg6+ Kf4 19. Rh4+ 1-0

[Event "74. C.to Provinciale VE"]
[Site "Marghera ITA"]
[Date "2014.01.24"]
[Round "1.8"]
[White "Settimo, Silvia"]
[Black "Barbieri, Lorenzo"]
[Result "0-1"]
[WhiteElo "1440"]
[BlackElo "1824"]
[Annotator "Gabriele Ballarin"]
[PlyCount "84"]
[EventDate "2014.01.24"]
[EventType "swiss"]
[EventRounds "1"]
[EventCountry "ITA"]
[SourceTitle "EXT 2012"]
[Source "ChessBase"]
[SourceDate "2011.11.24"]
[SourceVersion "1"]
[SourceVersionDate "2011.11.24"]
[SourceQuality "1"]

1. e4 c5 2. Nf3 e6 3. d4 cxd4 4. Nxd4 a6 5. Nc3 b5 6. Bd3 Qc7 7. f4 Bc5 8. Be3 Qb6 9. Nce2 Nf6 10. c3 Qc7 11. Ng3 d6 12. O-O Nbd7 13. Qd2 Ng4 14. Qe2 Nxe3 15. Qxe3 O-O 16. Kh1 Bb7 17. Rac1 Ba7 18. Qe2 Qa5 19. a3 Rac8 20. Nb3 Qa4 21. Bc2 Qc4 22. Na5 Qxe2 23. Nxe2 Ba8 24. Rcd1 d5 25. e5 Nc5 26. Nb3 Bb6 27. Nbd4 Nb7 28. b4 Nd8 29. Bb1 Nc6 30. Rc1 Rc7 31. Nxc6 Bxc6 32. Nd4 Bd7 33. Rf3 Bxd4 34. Rd3 Bb6 35. Ba2 Rfc8 36. Bb3 a5 37. Rc2 axb4 38. axb4 Ra7 39. h3 Ra1+ 40. Kh2 Rb1 41. Ba2 Rxb4 42. Rdd2 Rxf4 0-1

[Event "74. C.to Provinciale VE"]
[Site "Marghera ITA"]
[Date "2014.01.24"]
[Round "1.9"]
[White "Guidobene, Davide"]
[Black "Nardin, Loris"]
[Result "1-0"]
[WhiteElo "1798"]
[BlackElo "1440"]
[Annotator "Gabriele Ballarin"]
[PlyCount "87"]
[EventDate "2014.01.24"]
[EventType "swiss"]
[EventRounds "1"]
[EventCountry "ITA"]
[SourceTitle "EXT 2012"]
[Source "ChessBase"]
[SourceDate "2011.11.24"]
[SourceVersion "1"]
[SourceVersionDate "2011.11.24"]
[SourceQuality "1"]

1. d4 f5 2. c4 e6 3. Nf3 Bb4+ 4. Bd2 Bxd2+ 5. Nbxd2 Nf6 6. e3 O-O 7. Bd3 b6 8. O-O Bb7 9. Re1 Nc6 10. Rc1 Qe8 11. e4 Nb4 12. Bb1 Qg6 13. Ne5 Qh6 14. Qb3 Qxd2 15. Rcd1 Qh6 16. Qxb4 d6 17. exf5 dxe5 18. dxe5 Ng4 19. h3 Nxf2 20. Kxf2 Qf4+ 21. Kg1 Qg3 22. Qd2 exf5 23. e6 Rae8 24. Qf2 f4 25. e7 Rf7 26. Qxg3 fxg3 27. Rd8 Bc6 28. Rxe8+ Bxe8 29. Be4 Rf2 30. Bd5+ Kh8 31. Rf1 Rxf1+ 32. Kxf1 h5 33. b4 h4 34. b5 g5 35. Bc6 Kg7 36. Bxe8 Kf6 37. Bc6 Kxe7 38. Ke2 Kf6 39. Kf3 Kf5 40. Bd7+ Ke5 41. Kg4 Kf6 42. Bc6 Kg6 43. Be4+ Kf6 44. Bc2 1-0

[Event "74. C.to Provinciale VE"]
[Site "Marghera ITA"]
[Date "2014.01.24"]
[Round "1.10"]
[White "Latella, Tommaso"]
[Black "Civitareale, Alberto"]
[Result "1-0"]
[WhiteElo "1425"]
[BlackElo "1727"]
[Annotator "Gabriele Ballarin"]
[PlyCount "81"]
[EventDate "2014.01.24"]
[EventType "swiss"]
[EventRounds "1"]
[EventCountry "ITA"]
[SourceTitle "EXT 2012"]
[Source "ChessBase"]
[SourceDate "2011.11.24"]
[SourceVersion "1"]
[SourceVersionDate "2011.11.24"]
[SourceQuality "1"]

1. e4 e5 2. Nf3 Nc6 3. d4 exd4 4. Nxd4 Nf6 5. Nxc6 bxc6 6. e5 Nd5 7. c4 Nb6 8. Nc3 d6 9. c5 Nd7 10. exd6 Nxc5 11. Qe2+ Be6 12. dxc7 Qxc7 13. g3 Rd8 14. Bf4 Bd6 15. Bxd6 Rxd6 16. Rd1 O-O 17. Bg2 Re8 18. O-O Bd7 19. Qc2 Rxd1 20. Nxd1 Qe5 21. Ne3 Rc8 22. Rd1 Qe7 23. Rd4 Ne6 24. Rh4 Nf8 25. Be4 Ng6 26. Rh5 Qf6 27. Ra5 Qd4 28. Qd3 Qxd3 29. Bxd3 Rc7 30. Rh5 Be6 31. b3 Rd7 32. Bc2 h6 33. f4 Ne7 34. f5 Bd5 35. f6 Ng6 36. fxg7 Kxg7 37. Nf5+ Kf6 38. Rxh6 Ke5 39. Rh5 Kf6 40. Ne3 Bf3 41. Rf5+ 1-0

[Event "74. C.to Provinciale VE"]
[Site "Marghera ITA"]
[Date "2014.01.25"]
[Round "2.1"]
[White "Polese, Marco"]
[Black "Xia, Jie"]
[Result "0-1"]
[WhiteElo "1915"]
[BlackElo "2259"]
[Annotator "Gabriele Ballarin"]
[PlyCount "144"]
[EventDate "2014.01.24"]
[EventType "swiss"]
[EventRounds "1"]
[EventCountry "ITA"]
[SourceTitle "EXT 2013"]
[Source "ChessBase"]
[SourceDate "2012.11.22"]
[SourceVersion "1"]
[SourceVersionDate "2012.11.22"]
[SourceQuality "1"]

1. c4 c5 2. Nc3 Nc6 3. g3 g6 4. Bg2 Bg7 5. e3 Nf6 6. b3 O-O 7. Bb2 a6 8. Nf3 Rb8 9. Qe2 b5 10. cxb5 axb5 11. Nxb5 Ba6 12. a4 Na7 13. d3 Nxb5 14. axb5 Bxb5 15. O-O Bc6 16. Qc2 Qb6 17. Ra3 Qb7 18. e4 d6 19. Rfa1 Ra8 20. Nd2 Rxa3 21. Rxa3 Ra8 22. Nc4 Rxa3 23. Bxa3 Qa8 24. Bc1 Nd7 25. Qb1 Nf8 26. Bb2 Ne6 27. b4 cxb4 28. Bxg7 Kxg7 29. Qxb4 Qa1+ 30. Bf1 Nd4 31. Qb2 Qxb2 32. Nxb2 Bb5 33. Kg2 f5 34. f3 Kf6 35. Kf2 e5 36. Ke3 Ne6 37. Be2 f4+ 38. Kd2 h5 39. Nd1 Bc6 40. Nf2 Nd4 41. Bd1 Bd7 42. Kc3 Kg5 43. h4+ Kf6 44. gxf4 Nb5+ 45. Kb4 Nc7 46. f5 gxf5 47. Bb3 Be6 48. Bc2 f4 49. Ka5 Bf7 50. Nh3 Ne6 51. Bb3 Nf8 52. Bxf7 Kxf7 53. Kb6 Ng6 54. Kc6 Ke7 55. Kd5 Nxh4 56. Ng1 Ng2 57. Kc4 h4 58. d4 Ke6 59. d5+ Kd7 60. Kd3 Kc7 61. Ke2 Kb6 62. Kf2 Ne3 63. Nh3 Kc5 64. Ng5 Kd4 65. Kg1 Nc4 66. Kg2 Ke3 67. Kh3 Nd2 68. Nf7 Kxf3 69. Nxd6 Ke2 70. Nb5 f3 71. Nc3+ Ke1 72. d6 f2 0-1

[Event "74. C.to Provinciale VE"]
[Site "Marghera ITA"]
[Date "2014.01.25"]
[Round "2.2"]
[White "Mileto, Gabriele"]
[Black "Ballarin, Gabriele"]
[Result "1/2-1/2"]
[WhiteElo "2158"]
[BlackElo "1886"]
[Annotator "Gabriele Ballarin"]
[PlyCount "24"]
[EventDate "2014.01.24"]
[EventType "swiss"]
[EventRounds "1"]
[EventCountry "ITA"]
[SourceTitle "EXT 2013"]
[Source "ChessBase"]
[SourceDate "2012.11.22"]
[SourceVersion "1"]
[SourceVersionDate "2012.11.22"]
[SourceQuality "1"]

1. c4 e5 2. g3 Nf6 3. Nc3 c6 4. Nf3 e4 5. Nd4 Bb4 6. Bg2 Bxc3 7. bxc3 O-O 8. O-O Na6 9. d3 Re8 10. f3 exd3 11. exd3 d5 12. cxd5 Nxd5 1/2-1/2

[Event "74. C.to Provinciale VE"]
[Site "Marghera ITA"]
[Date "2014.01.25"]
[Round "2.3"]
[White "Barbieri, Lorenzo"]
[Black "Zamengo, Fulvio"]
[Result "0-1"]
[WhiteElo "1824"]
[BlackElo "2140"]
[Annotator "Gabriele Ballarin"]
[PlyCount "89"]
[EventDate "2014.01.24"]
[EventType "swiss"]
[EventRounds "1"]
[EventCountry "ITA"]
[SourceTitle "EXT 2013"]
[Source "ChessBase"]
[SourceDate "2012.11.22"]
[SourceVersion "1"]
[SourceVersionDate "2012.11.22"]
[SourceQuality "1"]

1. d4 Nf6 2. c4 c5 3. d5 b5 4. cxb5 a6 5. bxa6 g6 6. Nc3 Bxa6 7. Nf3 d6 8. e4 Bxf1 9. Kxf1 Bg7 10. g3 O-O 11. Kg2 Nbd7 12. Re1 Ra6 13. Bd2 Ne8 14. a4 Nc7 15. b3 Re8 16. Rb1 Qa8 17. Qe2 Rb6 18. Na2 Reb8 19. Qd1 Nb5 20. a5 R6b7 21. b4 Na3 22. Rb3 Nc4 23. Qc2 Nxd2 24. Qxd2 cxb4 25. Rxb4 Rxb4 26. Nxb4 Qxa5 27. Nc6 Qxd2 28. Nxd2 Rb2 29. Nf3 Bf6 30. Ng1 Nc5 31. Kf3 Nd3 32. Re2 Rb1 33. Ke3 Nc5 34. Nh3 Rb3+ 35. Kd2 Rb2+ 36. Ke3 Rb3+ 37. Kd2 Rb2+ 38. Ke3 Rxe2+ 39. Kxe2 Nxe4 40. Kd3 Nc5+ 41. Ke3 Kf8 42. f4 h6 43. Ng1 Ke8 44. Ne2 Na4 45. Kd3 {Tempo} 0-1

[Event "74. C.to Provinciale VE"]
[Site "Marghera ITA"]
[Date "2014.01.25"]
[Round "2.5"]
[White "Restifo Pecorella, Marco"]
[Black "Zamengo, Bruno"]
[Result "0-1"]
[WhiteElo "1440"]
[BlackElo "1949"]
[Annotator "Gabriele Ballarin"]
[PlyCount "80"]
[EventDate "2014.01.24"]
[EventType "swiss"]
[EventRounds "1"]
[EventCountry "ITA"]
[SourceTitle "EXT 2012"]
[Source "ChessBase"]
[SourceDate "2011.11.24"]
[SourceVersion "1"]
[SourceVersionDate "2011.11.24"]
[SourceQuality "1"]

1. e4 e6 2. d4 c5 3. c3 d5 4. e5 Nc6 5. Bb5 Qb6 6. Bxc6+ bxc6 7. a3 a5 8. Ne2 Ba6 9. Qc2 Bxe2 10. Qxe2 cxd4 11. cxd4 Qxd4 12. Qe3 Qxe3+ 13. Bxe3 Ne7 14. O-O Nf5 15. Re1 Nxe3 16. Rxe3 Be7 17. Nd2 Bg5 18. Rd3 Bxd2 19. Rxd2 Kd7 20. Rc1 Rhb8 21. f4 h5 22. Rc3 Rb5 23. b3 Rab8 24. Rb2 a4 25. b4 c5 26. Rbc2 c4 27. Rb2 Rc8 28. Rbc2 Kc6 29. Kf2 Rd8 30. Kf3 Rb7 31. h3 Kb5 32. Rc1 Rc7 33. g4 hxg4+ 34. Kxg4 d4 35. R3c2 c3 36. Kf3 d3 37. Rxc3 Rxc3 38. Rxc3 d2 39. Rc5+ Kb6 40. Kg3 d1=Q 0-1

[Event "74. C.to Provinciale VE"]
[Site "Marghera ITA"]
[Date "2014.01.25"]
[Round "2.6"]
[White "Donzella, Daniele"]
[Black "Latella, Tommaso"]
[Result "1-0"]
[WhiteElo "1500"]
[BlackElo "1425"]
[Annotator "Gabriele Ballarin"]
[PlyCount "73"]
[EventDate "2014.01.24"]
[EventType "swiss"]
[EventRounds "1"]
[EventCountry "ITA"]
[SourceTitle "EXT 2012"]
[Source "ChessBase"]
[SourceDate "2011.11.24"]
[SourceVersion "1"]
[SourceVersionDate "2011.11.24"]
[SourceQuality "1"]

1. d4 d5 2. c4 e6 3. a3 Nf6 4. Nc3 Nbd7 5. e3 Be7 6. Nf3 O-O 7. h4 c6 8. Ng5 Re8 9. Qc2 h6 10. f4 hxg5 11. hxg5 Ne4 12. Nxe4 dxe4 13. Qxe4 g6 14. Qf3 Bd6 15. Qh3 Kf8 16. Bd2 Ke7 17. c5 Bc7 18. Bd3 Rg8 19. Qh7 Qf8 20. Bc3 Qg7 21. Qh4 Rf8 22. d5 f6 23. d6+ Bxd6 24. cxd6+ Kxd6 25. gxf6 Nxf6 26. Qg5 Kc7 27. O-O-O Bd7 28. Be5+ Kb6 29. a4 a6 30. a5+ Ka7 31. Bd6 Nd5 32. Bc5+ Kb8 33. Bxf8 Qxf8 34. Qe5+ Ka7 35. Qd4+ b6 36. axb6+ Kb7 37. Rh7 1-0

[Event "74. C.to Provinciale VE"]
[Site "Marghera ITA"]
[Date "2014.01.25"]
[Round "2.7"]
[White "Civitareale, Alberto"]
[Black "Bertaggia, Mirco"]
[Result "1-0"]
[WhiteElo "1727"]
[BlackElo "1440"]
[Annotator "Gabriele Ballarin"]
[PlyCount "97"]
[EventDate "2014.01.24"]
[EventType "swiss"]
[EventRounds "1"]
[EventCountry "ITA"]
[SourceTitle "EXT 2013"]
[Source "ChessBase"]
[SourceDate "2012.11.22"]
[SourceVersion "1"]
[SourceVersionDate "2012.11.22"]
[SourceQuality "1"]

1. e4 e6 2. d4 d5 3. exd5 Qxd5 4. Nf3 c5 5. Nc3 Qf5 6. Bd3 Qg4 7. O-O cxd4 8. Nxd4 Qxd1 9. Rxd1 Bc5 10. Ndb5 Bb6 11. Nd6+ Kd7 12. Nxf7 Ke7 13. Nxh8 Bd7 14. Bxh7 Nf6 15. Bg5 Be8 16. Bxf6+ Kxf6 17. Ne4+ Ke5 18. Nd6 Bh5 19. Nhf7+ Kf6 20. Re1 Bxf7 21. Be4 Nd7 22. Bxb7 Rb8 23. Rad1 Bg6 24. Ne4+ Ke7 25. Bc6 Ne5 26. Ba4 Ba5 27. Nc3 Kf6 28. Bb3 Bb6 29. Rd6 Bf7 30. Nd5+ Kf5 31. Nxb6 axb6 32. g4+ Kf4 33. Kg2 Nxg4 34. Bxe6 Bh5 35. Bxg4 Kxg4 36. f3+ Kf4 37. Re4+ Kg5 38. h4+ Kf5 39. Rd5+ Kg6 40. Re6+ Kf7 41. Rc6 g6 42. Rd7+ Ke8 43. Rcc7 Rd8 44. Rxd8+ Kxd8 45. Rb7 g5 46. hxg5 Bg6 47. c3 Be8 48. Rxb6 Bf7 49. a4 1-0

[Event "74. C.to Provinciale VE"]
[Site "Marghera ITA"]
[Date "2014.01.25"]
[Round "2.8"]
[White "Fornaro, Massimo"]
[Black "Mastrogiovanni, Giulio"]
[Result "1-0"]
[WhiteElo "1440"]
[BlackElo "1503"]
[Annotator "Gabriele Ballarin"]
[PlyCount "101"]
[EventDate "2014.01.24"]
[EventType "swiss"]
[EventRounds "1"]
[EventCountry "ITA"]
[SourceTitle "EXT 2013"]
[Source "ChessBase"]
[SourceDate "2012.11.22"]
[SourceVersion "1"]
[SourceVersionDate "2012.11.22"]
[SourceQuality "1"]

1. d4 Nf6 2. e3 g6 3. Bd3 Bg7 4. Ne2 d6 5. c4 Nc6 6. a3 O-O 7. O-O e5 8. d5 Ne7 9. e4 c6 10. Nbc3 Re8 11. h3 Qc7 12. Be3 Bd7 13. b4 Rad8 14. Rc1 a6 15. a4 c5 16. b5 axb5 17. axb5 Nc8 18. Qd2 Nb6 19. f3 Ra8 20. Ra1 h6 21. Ra2 g5 22. g4 Rxa2 23. Nxa2 Ra8 24. Nac3 Kf8 25. Ng3 Ke7 26. Bf2 Kf8 27. Qb2 Na4 28. Nxa4 Rxa4 29. Ra1 Rxa1+ 30. Qxa1 Ne8 31. Be1 Bh8 32. Qa7 b6 33. Qa8 Qc8 34. Qa7 Qc7 35. Qa3 f6 36. Nf5 Bxf5 37. exf5 Qb7 38. h4 Kf7 39. Qa2 gxh4 40. Bxh4 Ng7 41. Be1 Qb8 42. Bd2 h5 43. g5 Qc8 44. Qa7+ Kf8 45. g6 Qe8 46. Qxb6 Qe7 47. Bh6 Kg8 48. Bxg7 Qxg7 49. Qxd6 Qh6 50. Qe6+ Kg7 51. Qf7# 1-0